Tennis - Le top 20 du classement ATP au 1er janvier 2004 - Statistiques

Statistiques générales
  • Ce quiz a été pris 6 fois
  • Le résultat moyen est 11 sur 20
Statistiques - réponses
Rang Joueur Pays Âge Points % Correct
1 Andy Roddick États-Unis 21 4 535
100%
3 Juan Carlos Ferrero Espagne 23 4 205
100%
17 Lleyton Hewitt Australie 22 1 450
100%
2 Roger Federer Suisse 22 4 375
100%
4 Andre Agassi États-Unis 33 3 425
83%
8 David Nalbandian Argentine 22 2 060
83%
16 Gustavo Kuerten Brésil 27 1 470
83%
5 Guillermo Coria Argentine 21 3 330
67%
10 Sébastien Grosjean France 25 1 610
67%
7 Carlos Moya Espagne 27 2 280
50%
15 Tim Henman Royaume-Uni 29 1 480
50%
11 Paradorn Srichaphan Thaïlande 24 1 595
33%
14 Younès El Aynaoui Maroc 32 1 480
33%
13 Jiri Novak Tchéquie 28 1 510
17%
20 Mardy Fish États-Unis 22 1 300
17%
9 Mark Philippoussis Australie 27 1 615
17%
19 Martin Verkerk Pays-Bas 25 1 425
17%
12 Nicolas Massu Chili 24 1 559
17%
6 Rainer Schuttler Allemagne 27 3 205
17%
18 Sjeng Schalken Pays-Bas 27 1 445
17%
Aucun quiz correspondant
Distribution des résultats
% des personnes avec chaque résultat
Percentile par nombre de réponses
Votre historique - résultats
Vous n’avez pas pris ce quiz